000 00686nam a22002057a 4500
005 20240530110929.0
008 220214s2006 ua g 000 p ara d
017 _bمصر. دار الكتب
_a2006/11410
020 _a9771804505
040 _aEG-CaGPL
_cEG-CaGPL
082 0 4 _221
_a811.9/
_bأ ق
100 0 _aاحمد عبدالمعطى حجازى
245 1 2 _aقصائد /
_cاحمد عبدالمعطى حجازى
250 _aط. 1
260 _aالقاهرة :
_bمطبعة دار الكتب و الوثائق القومية بالقاهرة ،
_c2006
300 _a106 ص. ؛
_c24 سم
650 0 7 _2qrmak
_aالشعر العربى
651 _2qrmak
942 _2ddc
_cBK
999 _c66621
_d66621